Handbook of developmental cognitive neuroscience

Guardat en:
Dades bibliogràfiques
Autors principals: Nelson, Charles A. (Autor), Luciana, Monica (Autor)
Format: Llibre
Idioma:anglès
Publicat: Cambridge MIT 2001
Col·lecció:Developmental Cognitive Neuroscience
Matèries:
Etiquetes: Afegir etiqueta
Sense etiquetes, Sigues el primer a etiquetar aquest registre!

MARC

LEADER 00000nam a2200000 a 4500
001 UCJ0975
003 CL-VaPUC
008 060929e20010000US |||||||||||||||||eng|d
020 |a 026214073X 
082 0 4 |a 612.82  |b NEL  |2 21 
100 |a Nelson, Charles A.  |e author  |9 501485 
700 0 |a Luciana, Monica  |e author  |9 501486 
245 1 0 |a Handbook of developmental cognitive neuroscience 
300 |a 685 p 
942 |c BK 
945 |d 20060929 00:00:00  |a cmena 
260 |a Cambridge  |b MIT  |c 2001 
650 0 |a Neurobiología   |9 269798 
650 0 |a Cognición   |9 270347 
650 0 |a Desarrollo humano  |9 349614 
650 0 |a Sistema nervioso  |9 266815 
650 0 |a Desarrollo neurológico  |9 486674 
583 |a last modification  |c 20140409 04:18:54  |k Rodrigo Vera 
490 0 |a Developmental Cognitive Neuroscience 
999 |c 317709  |d 317707 
952 |0 0  |1 0  |4 0  |6 612_820000000000000_NEL_2001  |7 0  |8 A  |9 394586  |a FDOPOS  |b FDOPOS  |d 2019-11-22  |i 4261372  |o 612.82 NEL 2001  |p 4261372  |r 2025-01-22  |w 2019-11-22  |y BK  |k MLA